000 00745nam a2200241Ia 4500
005 20220210144530.0
008 210716s2012 xx 000 0 und d
020 _a9780198069324
040 _cAIMIT LIBRARY
041 _aeng
082 _a651.7
_21
_bKUMS
100 _aKumar, Sanjay.
_919002
245 _aCommunication skills /
_cBy Sanjay Kumar and Pushp Lata.
250 _a1st ed.
260 _aNew Delhi :
_bOxford University Press ,
_c2011.
300 _axxi, 668p. ;
_c24.2 cm.
650 _aBusiness Communication
_919003
650 _aDeveloping English Language Skills
_919004
650 _aListening Skills
_919005
650 _aSpeaking Skills
_919006
700 _aLata, Pushp
_919007
942 _2ddc
_cBK
_e1st
_k651.7 KUMS
999 _c210365
_d210365